000
00345 a2200169 4500
001
195399
020
_a
978-85-7153-287-8
040
_c
Magnum
100
_a
MessÃas, Adriano
240
1
0
_a
Alice de a a z
_l
245
1
0
_a
Alice de a a z
300
_a
68
362
0
_a
2012
440
1
_a
RHJ
697
_a
LITERATURA JUVENIL
942
_c
BK
999
_c
195399
_d
195399